| 000 | 00364nam a2200145Ia 4500 | ||
|---|---|---|---|
| 008 | 210210b1978 xxu||||| |||| 00| 0 eng d | ||
| 082 | _a519.5 GUPS | ||
| 100 | _aGUPTA (B N). | ||
| 245 | _aStatistics: theory & practice. | ||
| 250 | _a | ||
| 260 |
_aAgra _bSahitya Bhavan _c1978 |
||
| 300 | _a1154,128,40 | ||
| 690 | _aMathematical Statistics | ||
| 906 | _aSG01551 | ||
| 999 |
_c113071 _d113071 |
||